XO Kitty - Personnages par images - Statistiques

Statistiques générales
  • Ce quiz a été pris 65 fois
  • Le résultat moyen est 12 sur 22
Statistiques - réponses
Par images Réponse % Correct
Kitty
100%
Min-ho
96%
Dae
93%
Yuri
88%
Q
86%
Alex
70%
Juliana
64%
Daniel
61%
Eunice
59%
Jin
59%
Marius
54%
Stella
54%
Madison
50%
Florian
45%
Gigi
43%
Praveena
43%
Jiwon
29%
Young Moon
27%
Jina
20%
Yisoo
20%
Mihee
7%
Soon Ja
0%
Aucun quiz correspondant
Distribution des résultats
% des personnes avec chaque résultat
Percentile par nombre de réponses
Votre historique - résultats
Vous n’avez pas pris ce quiz